000 00635nam a2200205 a 4500
001 21467
003 CO-ViMGA
008 141112s2004 ck r 000 u spa d
020 _a9709705016
040 _aCO-ViMGA
_bspa
_cCO-ViMGA
082 0 4 _aCOUab
100 1 _aCousins, Lucy
_930667
245 1 0 _aA bañarse con Maisy
260 _aMexico :
_bSerres,
_c2004
300 _a10
500 _aLibros para bebes.
590 _aForma de adquisición : Donación fact. 8847 - - Precio : 16000 - - Proveedor : Fundación exito - - Fecha de adquisición : Junio 2007
650 1 4 _aCUENTOS INFANTILES INGLESES
_915884
942 _2ddc
_cBK
999 _c30072
_d30072